| 000 | 00532nam a22001937a 4500 | ||
|---|---|---|---|
| 003 | OSt | ||
| 005 | 20240802123147.0 | ||
| 008 | 240802b |||||||| |||| 00| 0 eng d | ||
| 020 | _a0521857155 | ||
| 040 | _cMUST | ||
| 082 |
_222 _a330 ARM |
||
| 100 |
_aArmbruster,, Thomas _919042 |
||
| 245 |
_aThe economics and sociology of Management consulting _cThomas Armbruster |
||
| 260 |
_aNewYork: _bCambridge _c2006 |
||
| 300 |
_axvi,249p. _c24cm |
||
| 504 | _aReferences and index icluded | ||
| 650 | _2Economics | ||
| 942 |
_2ddc _cO_SHELF |
||
| 999 |
_c9318 _d9318 |
||